000 00631nam a2200229Ia 4500
003 OSt
005 20221007071955.0
006 a|||||r|||| 00| 0
007 ta
008 221006b |||||||| |||| 00| 0 eng d
024 _a28,665
037 _cTextual
040 _aFLL
_cFLL
_beng
041 _2eng
_aeng
082 _aZQ6v3, C8
100 _aMaitland Frederic William
_9106868
245 0 _aRoman canon law in the curch of England
260 _aLondon
_bMethuen & Co. London
_c1898
300 _avii,184p
_ccm.
942 _hZQ6v3, C8
_cTEXL
_2CC
999 _c1144840
_d1144840